000 01428nam0a22003131 4500
001 rc\3793199
005 20250530055600.0
021 _aRU
_b[75-44405]
035 _a(NLR Aleph) 007258036
090 _a5277148
_c5277148
100 _a20120311d1975 |||y0rusy50 ca
101 0 _arus
102 _aRU
105 _aa z |||||
200 1 _aТеория механизмов
_eУчеб. пособие для студентов вечер. и заоч. обучения
_fПод общ. ред. Ю.С. Волюшко
_gМ-во высш. и сред. спец. образования РСФСР. Иван. энерг. ин-т им. В.И. Ленина
210 _aИваново
_c[Иван. энерг. ин-т]
_d1975
215 _a208 с.
_cчерт.
_d20
300 _aПеред загл. авт.: Р.В. Бесчастнов, Ю.С. Волюшко, В.И. Панюхин
320 _aСписок лит.: с. 205 (10 назв.)
606 _aМеханизмы и машины, теория
_2psbo
700 1 _6z01790
_aБесчастнов
_bР.В.
_gРимм Васильевич
701 1 _aВолюшко
_bЮ.С.
_gЮрий Степанович
701 1 _aПанюхин
_bВ.И.
_gВадим Иванович
790 1 _6z01700
_aБесчастнов
_bР.В.
_gРим Васильевич
801 0 _aRU
_bNLR
_gpsbo
801 1 _aRU
_bELAR
_2rusmarc
852 _aNLR
_j75-3/3356
942 _cBOOK
980 _aNB